Monuments célèbres - Statistiques

Statistiques générales
  • Ce quiz a été pris 611 fois
  • Le résultat moyen est 6 sur 15
Statistiques - réponses
Par images Réponse % Correct
Taj Mahal
89%
Sphinx de Gizeh
73%
Mont Rushmore
69%
Parthénon
64%
Pont du Gard
60%
Cité interdite
55%
Atomium
54%
Corcovado
32%
Chichen Itza
26%
Lincoln Memorial
15%
Kremlin
12%
Mosquée bleue
11%
Gateway Arch
3%
Santa Maria del Fiore
3%
Monument Voortrekker
0%
Aucun quiz correspondant
Distribution des résultats
% des personnes avec chaque résultat
Percentile par nombre de réponses
Votre historique - résultats
Vous n’avez pas pris ce quiz